International relations between the two world wars: 1919-1939

Shranjeno v:
Bibliografske podrobnosti
Glavni avtor: Carr, Edward Hallett (Author)
Format: Knjiga
Jezik:angleščina
Izdano: Nueva York Harper and Row 1966
Teme:
Oznake: Označite
Brez oznak, prvi označite!

MARC

LEADER 00000nam a2200000 a 4500
001 UCO7959
003 CL-VaPUC
008 001124e19660000US |||||||||||||||||eng|d
082 0 4 |a 327.09405  |b CAR  |2 21 
100 0 |a Carr, Edward Hallett  |e author  |9 452750 
245 1 0 |a International relations between the two world wars: 1919-1939 
300 |a 301 p 
942 |c BK 
945 |d 20001124 00:00:00  |a crobeson 
260 |a Nueva York  |b Harper and Row  |c 1966 
500 |a Donación del profesor Manfred Wilhelmy von Wolff 
650 0 |a Relaciones Internacionales  |9 255740 
650 7 |a HISTORIA DIPLOMATICA 1919-1939  |2 CL-VaPUC  |9 452751 
650 0 |a Política internacional  |9 255813 
583 |a last modification  |c 20001124 00:00:00  |k Rodrigo Vera 
999 |c 292773  |d 292771 
952 |0 0  |1 0  |4 0  |6 327_094050000000000_CAR_1966  |7 0  |8 A  |9 343845  |a BIBHIS  |b BIBHIS  |d 2019-11-20  |i 122977K  |o 327.09405 CAR 1966  |p 122977K  |r 2025-01-20  |w 2019-11-20  |y BK  |k HIS